Посланията (Запис номер 83168)
[ съкратено ]
| 000 -Лидер | |
|---|---|
| Контролно поле с фиксирана дължина | 02835nam a2200493 c 4500 |
| 003 - Код на организацията, давaща контролен номер | |
| Контролно поле | BLK |
| 005 - Дата и час на последна редакция | |
| Контролно поле | 20240314005347.0 |
| 008 - Елементи от данни с фиксирана дължина | |
| fixed length control field | 180408b bul|||||r ||||||| ||bul|| |
| 010 ## - Наследен системен номер | |
| LC control number | KNG00087712000 |
| 020 ## - Международен стандартен номер на книга ISBN | |
| Международен стандартен номер на книга ISBN | 978-954-607-776-9 |
| -- | издат.: ЛИК |
| 040 ## - Източник на каталожния запис | |
| Идентификатор на билиотеката - собственик на записа | BLK |
| 041 ## - Код за език | |
| Код за езика на текст/звукозапис или на отделно заглавие | Български |
| Код за езика КДБФ | Български |
| 080 ## - УДК | |
| Текстов определител УДК | Индивидуална психология. Психология на личността. Индивидуалност. Психология на характера. Характерология. Психологическа типология |
| УДК код - определител по УДК | 159.923 |
| УДК определител | (02.062) |
| УДК - код + определител | 159.923(02.062) |
| 080 ## - УДК | |
| Текстов определител УДК | Разговор. Умение да се води разговор. Празнодумие |
| УДК код - определител по УДК | 177.2 |
| УДК определител | (02.062) |
| УДК - код + определител | 177.2(02.062) |
| 080 ## - УДК | |
| Текстов определител УДК | Социално поведение. Социална психология |
| УДК код - определител по УДК | 316.6 |
| УДК определител | (02.062) |
| УДК - код + определител | 316.6(02.062) |
| 080 ## - УДК | |
| Текстов определител УДК | Социално взаимодействие и общуване в групите (интеракция и комуникация) |
| УДК код - определител по УДК | 316.454.5 |
| УДК определител | (02.062) |
| УДК - код + определител | 316.454.5(02.062) |
| 100 1# - Редна дума - Автор | |
| Автор | Маккей, Матю |
| Авторска отговорност | първи автор |
| R(LIN) | 300841 |
| 139 ## - Редно поле | |
| Редна дума | Маккей, Матю и др. |
| Авторски знак | Мак - М 19 |
| 245 10 - Сведения за заглавието | |
| Заглавие | Посланията |
| Подзаглавни данни | Комуникационните умения |
| Редно поле (дума) | Матю Маккей; съавт. Марта Дейвис; съавт. Патрик Фенинг; прев. Станислава Миланова. |
| 257 ## - Страна на издаване | |
| Страна на създаване/издаване | Съединени американски щати |
| 260 ## - Област на издателските данни | |
| -- | София |
| Име на издателя, разпространителя и проч. | ЛИК |
| Година на издаване | 2009 |
| 300 ## - Физическа характеристика | |
| Страници | 408 с. |
| Размери/Мащаб | 20 см |
| 380 ## - Жанр | |
| Жанр | Философия |
| 500 ## - Общи забележки | |
| Забележка | Ориг. загл. Messages : The Communicarion Skills Book / Matthew McKay, Martha Davis, Patrick Fanning. - Офс. изд. - Библиогр. с. 402-407 |
| 650 #4 - Допълнително описание по предмет – тема | |
| Основно описание – тема или топоним | Личност - психология и поведение |
| 9 (RLIN) | 267018 |
| 650 #4 - Допълнително описание по предмет – тема | |
| Основно описание – тема или топоним | Общуване - психологични проблеми |
| 9 (RLIN) | 300843 |
| 650 #4 - Допълнително описание по предмет – тема | |
| Основно описание – тема или топоним | Социално поведение |
| 9 (RLIN) | 248704 |
| 650 #4 - Допълнително описание по предмет – тема | |
| Основно описание – тема или топоним | Комуникация - психологични проблеми |
| 9 (RLIN) | 274241 |
| 653 ## - Ключова дума – ненормативна | |
| Ключова дума | психология на личността |
| 653 ## - Ключова дума – ненормативна | |
| Ключова дума | социално поведение |
| 653 ## - Ключова дума – ненормативна | |
| Ключова дума | комуникация |
| 653 ## - Ключова дума – ненормативна | |
| Ключова дума | общуване |
| 653 ## - Ключова дума – ненормативна | |
| Ключова дума | слушане |
| 653 ## - Ключова дума – ненормативна | |
| Ключова дума | говорене |
| 700 1# - Други автори (авторска отговорност) | |
| Лично име | Дейвис, Марта |
| Автороска отговорност (Описва отношението между автора и произведението) | съавт. |
| 9 (RLIN) | 300842 |
| 700 1# - Други автори (авторска отговорност) | |
| Лично име | Фенинг, Патрик |
| Автороска отговорност (Описва отношението между автора и произведението) | съавт. |
| 9 (RLIN) | 133670 |
| 700 ## - Други автори (авторска отговорност) | |
| Лично име | Миланова, Станислава Александрова |
| Друга информация | Преводач от английски и руски език. |
| Дати, свързани с автора | 1967- |
| Пълна форма на името | Миланова-Леонтиева, Станислава Александрова |
| 9 (RLIN) | 363380 |
| 852 ## - Местоположение | |
| Форматна сигнатура | Цб 242746 |
| 856 4# - Електронен адрес и достъп | |
| Електронен формат | pdf - файл |
| Път до файла /url/ | |
| 856 4# - Електронен адрес и достъп | |
| Електронен формат | pdf - файл |
| Път до файла /url/ | |
| 942 ## - АРТИКУЛИ | |
| Вид на библиотечния материал | Книги |
| Скрит в OPAC | Не |
| Koha issues (borrowed), all copies | 9 |
| 944 ## - СЪЗДАВАНЕ И РЕДАКЦИЯ на ЗАПИСА | |
| Създаване/Редакция | Създаване |
| Дата на регистрацията/редакция | 09.02.2009 |
| Статус, дата на статуса | CRON CRON |
| Служител, извършил регистрацията/редакцията | |
| 944 ## - СЪЗДАВАНЕ И РЕДАКЦИЯ на ЗАПИСА | |
| Създаване/Редакция | Редакция |
| Дата на регистрацията/редакция | 24.02.2012 |
| Статус, дата на статуса | ф / |
| Служител, извършил регистрацията/редакцията | |
| 999 ## - СИСТЕМНИ КОНТРОЛНИ НОМЕРА | |
| Koha biblionumber | 83168 |
| Koha biblioitemnumber | 83168 |
| Код за отписване | Код за изгубен артикул | Източник на класификационната схема | Код за повреда | Коз за рестрикции | Код за отдаване | Артикулен № | Име на библиотеката - собственик | Име на библиотеката, в която се намира в момента | Статус (Текущо местоположение) | Дата на вписване в системата | Местоположение - отдел | Цена в лева | Инвентарен номер | Систематично азбучна сигнатура | Баркод | Номер на екземпляра | Цена в евро | Служебна бележка | Служебен тип на артикула |
|---|---|---|---|---|---|---|---|---|---|---|---|---|---|---|---|---|---|---|---|
| Изтеглен | Не е изгубен | Universal Decimal Classification | Не е повреден | без рестрикции | заемане за дома | 135232 | Регионална библиотека "Любен Каравелов" Русе | Регионална библиотека "Любен Каравелов" Русе | Заемна - подръчен фонд | 2009-02-09 | Заемна - подръчен фонд | 16.00 | 120000733424 | П 159.92/М 19 | 120000733424 | 1 | 8.18 | Дост: Pk Вид: Ф N: 14312 Дата: 04.02.2009 Дата инв: 16.02.2018 Бележки инв: П2018 | Книги |
| Не е изгубен | Не е повреден | без рестрикции | ползва се в читалня | 135233 | Регионална библиотека "Любен Каравелов" Русе | Регионална библиотека "Любен Каравелов" Русе | Хранилище | 2011-10-05 | Хранилище | 16.00 | 120000753389 | Цб 242746 | 120000753389 | 2 | 8.18 | Дост: Dp Вид: Д N: 10 Дата: 07.03.2011 | Книги |